Назначение председателей и членов испытательных комиссий Харьковского университета, сроки сессий, расходы и отчёты этих комиссий

Доступно только в Электронных читальных залах Найти на картеНа карте
RUSMARC
00003799nmc2a22000003x 450
0015f75670e-4db8-40ba-98ba-a83ec2b2ad12
00520200123200825.0
100##$a20180123l19161917k l0rusy0189 ca
1010#$arus
102##$aRU
2001#$aНазначение председателей и членов испытательных комиссий Харьковского университета, сроки сессий, расходы и отчёты этих комиссий
$j11 января 1916 г. - 26 апреля 1917 г.
251##$cДело
300##$aДело
801#0$aRU
$bРГИА
$c20180123
$gRCR
801#1$aRU
$bГлавНИВЦ
$c20180123
$2rusmarc
801#2$aRU
$bПБ им. Б.Н. Ельцина
$c20200123
$gRCR
$2rusmarc
850##$aРГИА
852##$aРГИА
$eФедеральное казенное учреждение "Российский государственный исторический архив" (РГИА)
$j549
937##$hРГИА
$d12226813
$aASBIBLIO_SCAN
462#0$100146c96731-af2d-49ce-8199-721d162b0637
$12001
$aДела по ученым учреждениям и высшим учебным заведениям Департамента народного просвещения за 1915-1917 годы
$1251
$cОпись
$1852
$j156
461#0$1001a74412a3-3cc5-4d21-8f0a-dfe2fbd9e72d
$12001
$aДепартамент народного просвещения Министерства народного просвещения (1803-1917)
$1251
$cФонд
$1852
$j733
215##$a137 л.
$d36,5х26 см
371##$aДокумент не является опубликованным и широко распространяемым
105##$ay###
1222#$ad
035##$a5f75670e-4db8-40ba-98ba-a83ec2b2ad12
856##$uhttp://readingroom.main.prlib.ru/item.aspx?id_node=n137529680&mode=full
Формат отображения